• 首页
  • 本馆介绍
  • 公告通知
  • 最新文献
  • 馆藏检索
  • 电子资源
  • 读者导购
  • 参考咨询
  • 我的图书馆
  • 登录
  • 详细信息显示
  • 放入我的书架
  • 预约/预借图书
  • 作者相关作品
  • 分类相关作品
  • 丛书相关作品
  • 出版社相关作品

书目信息

  • 表格格式
  • 工作单格式
  • 卡片格式
题名:
万耀煌口述自传
    
 
作者: 万耀煌 口述 ;沈云龙 访问
分册:  
出版信息: 北京   中国大百科全书出版社  2016
页数: 383页
开本: 23cm
丛书名:
单 册:
中图分类: K825.2=73
科图分类:
主题词: 军事人物--jun shi ren wu--自传--中国--现代
电子资源:
ISBN: 978-7-5000-9702-0
000 01089nam0 22002771 450
001 0124140207
005 20170327144604.97
010    @a978-7-5000-9702-0@dCNY49.00
100    @a20160412d2016 em y0chiy50 ea
101 0  @achi
102    @aCN@b110000
105    @aa z 000ya
106    @ar
200 1  @a万耀煌口述自传@9wan yao huang kou shu zi chuan@e国民党陆军二级上将亲述@f万耀煌口述@g沈云龙等访问
205    @a第2版
210    @a北京@c中国大百科全书出版社@d2016
215    @a383页@c照片@d23cm
300    @a台湾“中研院”口述历史系列
330    @a本书由沈云龙、贾廷诗、陈存恭等人先后访问40次采录而成,郭廷以亲自校阅整理其口述记录稿。因万耀煌存有历年的日记,这部口述自传资料更为详实具体,对于研究中国近现代历史特别是军事史有重要的参考价值。
606 0  @a军事人物@9jun shi ren wu@x自传@y中国@z现代
610 0  @a万耀煌(1891-1977)@Awan yao huang (1891-1977)
690    @aK825.2=73@v5
701  0 @a万耀煌@9wan yao huang@f(1891~1977)@4口述
702  0 @a沈云龙@9shen yun long@f(1910~1988)@4访问
801  0 @aCN@bTANGWEI@c20170308
905    @b0962111-3@dK825.2=73@e877=2@f3
    
    万耀煌口述自传:国民党陆军二级上将亲述/万耀煌口述/沈云龙等访问.-第2版.-北京:中国大百科全书出版社,2016
    383页:照片;23cm
    台湾“中研院”口述历史系列
    
    ISBN 978-7-5000-9702-0:CNY49.00
    本书由沈云龙、贾廷诗、陈存恭等人先后访问40次采录而成,郭廷以亲自校阅整理其口述记录稿。因万耀煌存有历年的日记,这部口述自传资料更为详实具体,对于研究中国近现代历史特别是军事史有重要的参考价值。
●
相关链接 在E读中查询图书 在五车中查询图书 在当当中查询图书 在豆瓣中查询图书


正题名:万耀煌口述自传     索取号:K825.2=73/877=2         预约/预借

序号 登录号 条形码 馆藏地/架位号 状态 备注
1 0962111   209621113   第二样本阅览室/ [索取号:K825.2=73/877=2] 在馆    
2 0962112   209621122   第二借阅区/ [索取号:K825.2=73/877=2] 在馆    
3 0962113   209621131   第二借阅区/ [索取号:K825.2=73/877=2] 在馆    
唐山师范学院图书馆 欢迎您!
大连网信软件有限公司© 版权所有